|
|
|
|
| LEADER |
00000nab a2200000 a 4500 |
| 001 |
vtls000378456 |
| 003 |
SK-MaSNL |
| 005 |
20260302223825.0 |
| 008 |
111202c1990 xo 0 slo |
| 015 |
|
|
|a SNBRB19rr/mm-uuuuu
|
| 035 |
|
|
|a CL0378578
|
| 040 |
|
|
|a SNKBUCL
|b slo
|c SNKBUCL
|e AACR2
|
| 041 |
0 |
|
|a slo
|
| 044 |
|
|
|a xo
|c SK
|
| 080 |
|
|
|a 78.091.4:782/785
|2 1981
|
| 080 |
|
|
|a 782/785
|2 1981
|
| 100 |
1 |
|
|a (vsl)
|4 aut
|9 921042
|
| 245 |
1 |
0 |
|a Na úvod Štátna filharmónia
|b V Banskej Bystrici sa začala jubilejná 30. Hudobná jar
|c (vsl)
|
| 650 |
0 |
7 |
|a Hudobná jar 1990, Banská Bystrica
|2 snkbucl
|9 954091
|
| 651 |
|
7 |
|a 5301
|2 snkbucl
|9 893756
|
| 655 |
|
7 |
|a články z novín a časopisov
|2 snkbucl
|9 267496
|
| 773 |
0 |
|
|t Smer
|g Roč. 42, č. 83 (7. 4. 1990), s. 1-2
|
| 850 |
|
|
|a Slovenská národná knižnica v Martine
|a MTA001
|
| 852 |
|
|
|a SNK
|b KIS3GCP
|
| 958 |
|
|
|a RK
|
| 992 |
|
|
|a RBX
|
| 999 |
|
|
|c 1521921
|d 1523851
|